Численное моделирование процесса зажигания жидкого топлива источником ограниченной энергоемкости с учетом турбулентности течения паров горючего; Химическая физика; Т. 32, № 6

التفاصيل البيبلوغرافية
Parent link:Химическая физика.— , 1982-
Т. 32, № 6.— 2013.— [С. 50-60]
المؤلف الرئيسي: Кузнецов Г. В. Гений Владимирович
مؤلفون مشاركون: Национальный исследовательский Томский политехнический университет (ТПУ) Энергетический институт (ЭНИН) Кафедра теоретической и промышленной теплотехники (ТПТ), Национальный исследовательский Томский политехнический университет (ТПУ) Энергетический институт (ЭНИН) Кафедра автоматизации теплоэнергетических процессов (АТП)
مؤلفون آخرون: Стрижак П. А. Павел Александрович
الملخص:Заглавие с экрана
Выполнено численное моделирование процесса зажигания типичного жидкого топлива источником ограниченной энергоемкости - разогретой до высоких температур металлической частицей малых размеров с учетом турбулентности течения паров горючего. Установлены зависимости интегральных характеристик зажигания от основных параметров локального источника нагрева. Проведено сопоставление интегральных характеристик зажигания, полей температур, концентраций и скоростей паров горючего для моделей, учитывающих ламинарный и турбулентный режимы течения смеси продуктов парообразования и окислителя.
Режим доступа: по договору с организацией-держателем ресурса
اللغة:الروسية
منشور في: 2013
الموضوعات:
الوصول للمادة أونلاين:http://elibrary.ru/item.asp?id=19051482
التنسيق: الكتروني فصل الكتاب
KOHA link:https://koha.lib.tpu.ru/cgi-bin/koha/opac-detail.pl?biblionumber=640790

MARC

LEADER 00000naa0a2200000 4500
001 640790
005 20250310130031.0
035 |a (RuTPU)RU\TPU\network\5381 
035 |a RU\TPU\network\5379 
090 |a 640790 
100 |a 20150425d2013 k||y0rusy50 ca 
101 0 |a rus 
102 |a RU 
135 |a drcn ---uucaa 
181 0 |a i  
182 0 |a b 
200 1 |a Численное моделирование процесса зажигания жидкого топлива источником ограниченной энергоемкости с учетом турбулентности течения паров горючего  |f Г. В. Кузнецов, П. А. Стрижак 
203 |a Текст  |c электронный 
300 |a Заглавие с экрана 
320 |a [Библиогр.: с. 60 (28 назв.)] 
330 |a Выполнено численное моделирование процесса зажигания типичного жидкого топлива источником ограниченной энергоемкости - разогретой до высоких температур металлической частицей малых размеров с учетом турбулентности течения паров горючего. Установлены зависимости интегральных характеристик зажигания от основных параметров локального источника нагрева. Проведено сопоставление интегральных характеристик зажигания, полей температур, концентраций и скоростей паров горючего для моделей, учитывающих ламинарный и турбулентный режимы течения смеси продуктов парообразования и окислителя. 
333 |a Режим доступа: по договору с организацией-держателем ресурса 
461 |t Химическая физика  |d 1982- 
463 |t Т. 32, № 6  |v [С. 50-60]  |d 2013 
610 1 |a электронный ресурс 
610 1 |a труды учёных ТПУ 
610 1 |a частицы 
610 1 |a зажигание 
610 1 |a математическое моделирование 
610 1 |a воспламенение 
610 1 |a частицы 
610 1 |a металлы 
700 1 |a Кузнецов  |b Г. В.  |c специалист в области теплоэнергетики  |c профессор Томского политехнического университета, доктор физико-математических наук  |f 1949-  |g Гений Владимирович  |3 (RuTPU)RU\TPU\pers\25528  |9 11458 
701 1 |a Стрижак  |b П. А.  |c специалист в области теплоэнергетики  |c профессор Томского политехнического университета, доктор физико-математических наук  |f 1985-  |g Павел Александрович  |3 (RuTPU)RU\TPU\pers\25983  |9 11832 
712 0 2 |a Национальный исследовательский Томский политехнический университет (ТПУ)  |b Энергетический институт (ЭНИН)  |b Кафедра теоретической и промышленной теплотехники (ТПТ)  |3 (RuTPU)RU\TPU\col\18679 
712 0 2 |a Национальный исследовательский Томский политехнический университет (ТПУ)  |b Энергетический институт (ЭНИН)  |b Кафедра автоматизации теплоэнергетических процессов (АТП)  |3 (RuTPU)RU\TPU\col\18678 
801 2 |a RU  |b 63413507  |c 20151008  |g RCR 
856 4 |u http://elibrary.ru/item.asp?id=19051482 
942 |c CF